00960nam a2200241 a 450000100060000000300080000600500170001400800410003102000150007203500190008704000350010604100080014108200300014924501700017926000420034930000320039149000630042350400360048665000860052270000260060870000210063485600630065559322BD-RjUL20211209080722.0161222s1990 nyu||||| |||| 001 0 eng d a0313263590 a(BD-RjUL)59446 aBD-RjULbengcBD-RjULdBD-RjUL aeng 223a338.7629222bPOL 199000aThe Politics of industrial recruitment : bJapanese automobile investment and economic development in the American states /cErnest J. Yanarella and William C. Green aNew York :bGreenwood Press, c 1990. axx,221 p. :bill. ;c23 cm. aContributions in economics and economic history, no. 104.  aIncludes index and bibliography aAutomobile industry and trade xForeign ownership xCase studies. zUnited States a Yanarella, Ernest J. a Green,William C uContributions in economics and economic history, no. 104.